000 00252nam a22001097a 4500
082 _a823
_bNEA/G
100 _aNEAL, MICHAEL
245 _aGREMLINS- A NEW FRIEND
260 _aNEW YORK
_bGOLDEN
_c1984
650 _aENGLISH STORY
_zUNITED STATES
942 _cBK
999 _c7527
_d7527